[Event "BRA-ch Amateur"]
[Site "Sao Paulo"]
[Date "2013.02.09"]
[Round "2"]
[White "Serafim, Arnor Jr"]
[Black "Lopes, Roberto Juliano Jr"]
[Result "0-1"]
[WhiteElo "1830"]
[BlackElo "2013"]
[PlyCount "70"]
[EventDate "2013.02.09"]
[EventType "swiss"]
[EventRounds "7"]
[EventCountry "BRA"]
[SourceTitle "CBM 152 Extra"]
[Source "ChessBase"]
[SourceDate "2013.02.25"]
[SourceVersion "1"]
[SourceVersionDate "2013.02.25"]
[SourceQuality "1"]

1. c4 Nf6 2. g3 e5 3. Bg2 Nc6 4. Nc3 Bb4 5. Nd5 Be7 6. Nxe7 Qxe7 7. d3 0-0 8. Nf3 h6 9. 0-0 d5 10. cxd5 Nxd5 11. Qb3 Nb6 12. Be3 Be6 13. Qc2 Qd7 14. Rfc1 Rfe8 15. Nd2 Nd5 16. Bc5 b6 17. Ba3 Nd4 18. Qd1 Rad8 19. b3 Bh3 20. e3 Bg4 21. Nf3 Nb5 22. Bb2 Nb4 23. Bf1 Qf5 24. Nh4 Bxd1 25. Nxf5 Bg4 26. d4 Nxd4 27. Nxd4 exd4 28. Rc4 c5 29. exd4 Be6 30. Rcc1 cxd4 31. Rd1 Rc8 32. Rd2 Red8 33. Rxd4 Rxd4 34. Bxd4 Nc2 35. Rd1 Rd8 0-1

[Event "Paulista-ch"]
[Site "Americana"]
[Date "2012.12.08"]
[Round "3"]
[White "Lopes, Roberto Juliano Jr"]
[Black "Cardozo, Matheus Santos"]
[Result "1-0"]
[WhiteElo "2008"]
[BlackElo "1769"]
[PlyCount "111"]
[EventDate "2012.12.07"]
[EventType "swiss"]
[EventRounds "6"]
[EventCountry "BRA"]
[SourceTitle "CBM 152 Extra"]
[Source "ChessBase"]
[SourceDate "2013.02.25"]
[SourceVersion "1"]
[SourceVersionDate "2013.02.25"]
[SourceQuality "1"]

1. d4 Nf6 2. c4 g6 3. Nc3 Bg7 4. e4 d6 5. f4 0-0 6. Bd3 c5 7. d5 Nbd7 8. Nf3 Ne8 9. Be3 a6 10. 0-0 Ndf6 11. h3 Nc7 12. f5 Nd7 13. Bf4 Rb8 14. a4 Ne5 15. Nxe5 Bxe5 16. Bxe5 dxe5 17. Qd2 Qd6 18. g4 Bd7 19. Qe2 Qb6 20. Qh2 Qd6 21. h4 b5 22. g5 f6 23. fxg6 hxg6 24. Rf2 bxc4 25. Bxc4 fxg5 26. hxg5 Rxf2 27. Qxf2 Rf8 28. Qh2 Rf7 29. Rf1 Rxf1+ 30. Kxf1 a5 31. Qe2 Kg7 32. Ke1 Be8 33. Qh2 Bf7 34. Qf2 Na6 35. Bxa6 Qxa6 36. Qxc5 Qd3 37. Qf2 Qh3 38. Kd2 Qg4 39. Qe3 Qg2+ 40. Ne2 Qh1 41. Kc2 Qa1 42. Nc3 Be8 43. b3 Qf1 44. Qg3 Qf4 45. Qxf4 exf4 46. e5 Bd7 47. e6 Bc8 48. Kd3 Ba6+ 49. Ke4 f3 50. Kxf3 Bd3 51. Nb5 Bc2 52. Nd4 Bd1+ 53. Ke4 Kf8 54. Ke5 Ke8 55. d6 exd6+ 56. Kxd6 1-0

[Event "Mogi das Cruzes op 08"]
[Site "Mogi das Cruzes"]
[Date "2012.09.02"]
[Round "5"]
[White "Lopes, Roberto Juliano Jr"]
[Black "Nery Junior, Jose Antonio"]
[Result "1-0"]
[WhiteElo "1944"]
[BlackElo "2067"]
[PlyCount "135"]
[EventDate "2012.08.31"]
[EventType "swiss"]
[EventRounds "6"]
[EventCountry "BRA"]
[SourceTitle "CBM 150 Extra"]
[Source "ChessBase"]
[SourceDate "2012.10.19"]
[SourceVersion "1"]
[SourceVersionDate "2012.10.19"]
[SourceQuality "1"]

1. e4 d6 2. d4 Nf6 3. Bd3 e5 4. c3 Be7 5. Nf3 Bg4 6. h3 Bxf3 7. Qxf3 0-0 8. Be3 c6 9. Nd2 Nbd7 10. 0-0 Re8 11. g4 d5 12. exd5 cxd5 13. dxe5 Nxe5 14. Qf5 Nxd3 15. Qxd3 Qc7 16. Nf3 b6 17. g5 Nh5 18. Qxd5 Rad8 19. Qf5 g6 20. Qg4 Bd6 21. Rfe1 Qc6 22. Nd4 Qd5 23. Qg2 Re4 24. Ne2 Bb8 25. Qf3 Rde8 26. Red1 Qe5 27. Rd7 Rf8 28. Rad1 Ng7 29. R1d5 Qh2+ 30. Kf1 Ree8 31. Qg2 Nf5 32. Qxh2 Nxe3+ 33. fxe3 Bxh2 34. Kf2 Re4 35. Rxa7 Ree8 36. Rd3 Re5 37. Rad7 Rxg5 38. R7d5 Be5 39. Rd8 Kg7 40. Rxf8 Kxf8 41. e4 Rh5 42. Rf3 Ke7 43. Ke3 Bd6 44. Kd3 Rg5 45. a4 Rg2 46. b4 h5 47. Nd4 Ra2 48. a5 bxa5 49. bxa5 Bc5 50. Nc6+ Ke6 51. Nd8+ Ke7 52. Nxf7 Rxa5 53. Ne5 Ra6 54. Kc4 Ba3 55. Rg3 Bd6 56. Nxg6+ Kf6 57. e5+ Bxe5 58. Nxe5 Kxe5 59. Rg5+ Kf4 60. Rxh5 Rc6+ 61. Kb4 Rb6+ 62. Kc5 Ra6 63. Kb5 Ra1 64. c4 Rb1+ 65. Kc6 Rd1 66. c5 Ke4 67. Kc7 Rb1 68. c6 1-0

[Event "Sao Bernardo do Campo LXSBC op 4th"]
[Site "Sao Bernardo do Campo"]
[Date "2012.07.15"]
[Round "6"]
[White "Lopes, Roberto Juliano Jr"]
[Black "Miquelin, Nicolas Seoane"]
[Result "1/2-1/2"]
[WhiteElo "1874"]
[BlackElo "1944"]
[PlyCount "35"]
[EventDate "2012.07.13"]
[EventType "swiss"]
[EventRounds "6"]
[EventCountry "BRA"]
[SourceTitle "CBM 149 Extra"]
[Source "ChessBase"]
[SourceDate "2012.08.24"]
[SourceVersion "1"]
[SourceVersionDate "2012.08.24"]
[SourceQuality "1"]

1. e4 c5 2. c3 d5 3. exd5 Qxd5 4. d4 Nc6 5. Nf3 Bg4 6. Be2 Nf6 7. Be3 cxd4 8. cxd4 e6 9. 0-0 a6 10. Nc3 Qa5 11. a3 Bd6 12. b4 Qc7 13. h3 Bxf3 14. Bxf3 Nxb4 15. axb4 Qxc3 16. Bxb7 Rb8 17. Qa4+ Ke7 18. Qxa6 1/2-1/2

[Event "Pan American-ch U20"]
[Site "Sao Paulo"]
[Date "2012.07.04"]
[Round "9"]
[White "Lopes, Roberto Juliano Jr"]
[Black "Goncalves, Leonardo Yamamoto"]
[Result "1/2-1/2"]
[WhiteElo "1874"]
[BlackElo "1911"]
[PlyCount "52"]
[EventDate "2012.06.29"]
[EventType "swiss"]
[EventRounds "9"]
[EventCountry "BRA"]
[SourceTitle "CBM 149 Extra"]
[Source "ChessBase"]
[SourceDate "2012.08.24"]
[SourceVersion "1"]
[SourceVersionDate "2012.08.24"]
[SourceQuality "1"]

1. e4 c5 2. Nf3 g6 3. c3 Nc6 4. d4 cxd4 5. cxd4 d5 6. exd5 Qxd5 7. Nc3 Qa5 8. d5 Nb4 9. a3 Bd7 10. Bf4 Na6 11. Qd4 Nf6 12. d6 Bg7 13. Be5 Qc5 14. Bxa6 Qxd4 15. Nxd4 bxa6 16. dxe7 Kxe7 17. 0-0 Rhe8 18. Bxf6+ Kxf6 19. Rfe1 Rxe1+ 20. Rxe1 Re8 21. Rxe8 Bxe8 22. Kf1 Ke7 23. Nc2 Bc6 24. Ne3 Kd6 25. Ke2 Bd4 26. f3 f5 1/2-1/2

[Event "Pan American-ch U20"]
[Site "Sao Paulo"]
[Date "2012.07.01"]
[Round "5"]
[White "Lopes, Roberto Juliano Jr"]
[Black "Branchini, Fernando Luis Sakam"]
[Result "1/2-1/2"]
[WhiteElo "1874"]
[BlackElo "1989"]
[PlyCount "66"]
[EventDate "2012.06.29"]
[EventType "swiss"]
[EventRounds "9"]
[EventCountry "BRA"]
[SourceTitle "CBM 149 Extra"]
[Source "ChessBase"]
[SourceDate "2012.08.24"]
[SourceVersion "1"]
[SourceVersionDate "2012.08.24"]
[SourceQuality "1"]

1. e4 e5 2. Nf3 Nc6 3. d4 exd4 4. Nxd4 Nf6 5. Nc3 Bb4 6. Nxc6 Bxc3+ 7. bxc3 bxc6 8. Bd3 d6 9. 0-0 Qe7 10. Bg5 Qe5 11. Bxf6 Qxf6 12. Qd2 0-0 13. f4 Re8 14. a4 a5 15. Rab1 Ba6 16. Kh1 Bxd3 17. cxd3 Reb8 18. Kg1 Rb6 19. Rb2 Rab8 20. Rfb1 h6 21. g3 Qe6 22. Qf2 c5 23. Rxb6 cxb6 24. c4 f5 25. Re1 fxe4 26. Rxe4 Qf6 27. Kg2 Qa1 28. Re7 Rf8 29. Qe2 Qxa4 30. Qe6+ Kh8 31. Qg6 Qc2+ 32. Kh3 Qc3 33. Qxd6 Qf6 1/2-1/2

[Event "Pan American-ch U20"]
[Site "Sao Paulo"]
[Date "2012.06.30"]
[Round "3"]
[White "Lopes, Roberto Juliano Jr"]
[Black "Garkauskas, Otto Dmitry"]
[Result "1/2-1/2"]
[WhiteElo "1874"]
[BlackElo "2080"]
[PlyCount "40"]
[EventDate "2012.06.29"]
[EventType "swiss"]
[EventRounds "9"]
[EventCountry "BRA"]
[SourceTitle "CBM 149 Extra"]
[Source "ChessBase"]
[SourceDate "2012.08.24"]
[SourceVersion "1"]
[SourceVersionDate "2012.08.24"]
[SourceQuality "1"]

1. Nf3 d5 2. d4 Nf6 3. g3 c5 4. Bg2 Bf5 5. 0-0 e6 6. c4 Nc6 7. cxd5 Nxd5 8. Nc3 Nxc3 9. bxc3 Be7 10. Re1 Be4 11. Be3 c4 12. Nd2 Bxg2 13. Kxg2 0-0 14. f3 b5 15. a4 a6 16. Bf2 Na5 17. axb5 axb5 18. Qb1 Qb8 19. Qc2 Qc7 20. Reb1 Rfb8 1/2-1/2

[Event "BRA-ch U16"]
[Site "Sao Paulo"]
[Date "2012.04.30"]
[Round "5"]
[White "Dantas, David Luan de Barro"]
[Black "Lopes, Roberto Juliano Jr"]
[Result "1/2-1/2"]
[WhiteElo "1854"]
[BlackElo "1837"]
[PlyCount "62"]
[EventDate "2012.04.28"]
[EventType "swiss"]
[EventRounds "7"]
[EventCountry "BRA"]
[SourceTitle "CBM 148 Extra"]
[Source "ChessBase"]
[SourceDate "2012.06.22"]
[SourceVersion "1"]
[SourceVersionDate "2012.06.22"]
[SourceQuality "1"]

1. Nf3 Nf6 2. g3 e6 3. Bg2 d5 4. 0-0 Bd6 5. d3 c5 6. Nbd2 Nc6 7. c4 0-0 8. a3 h6 9. Ne1 Rb8 10. Nc2 d4 11. Rb1 a5 12. b3 Bd7 13. Nf3 Qc7 14. Bd2 b5 15. cxb5 Rxb5 16. a4 Rbb8 17. Na3 Nb4 18. Bxb4 Rxb4 19. Nc4 Be7 20. Nfe5 Rfb8 21. Nxd7 Nxd7 22. Na3 R4b6 23. Nb5 Qc8 24. Qd2 Bd8 25. Rfc1 Qa6 26. e3 dxe3 27. Qxe3 Bg5 28. f4 Bf6 29. Kh1 e5 30. Bh3 Qb7+ 31. Bg2 Qa6 1/2-1/2